Chargement en cours...

Kerala navodhanam oru marxist veekshanam (M)

Détails bibliographiques
Auteur principal: Govinda Pillai, P
Format: Printed Book
Publié: Chintha Publishers, Thiruvananthapuram 2009
Édition:3 Edition
Sujets:
LEADER 00538nam a2200157 4500
082 |a 954.83 GOV/K 
100 |a Govinda Pillai, P 
245 |a Kerala navodhanam oru marxist veekshanam (M)  |c Govinda Pillai, P 
250 |a 3 Edition 
260 |a Chintha Publishers, Thiruvananthapuram  |c 2009 
300 |a 184 P 
490
650 |a Kerala history--Indian politics--Marxism--Communism 
942 |c BK 
999 |c 189751  |d 189751 
952 |0 0  |1 0  |4 0  |6 954_830000000000000_GOV_K  |7 0  |9 203100  |a ISL  |b ISL  |l 0  |o 954.83 GOV/K  |p ISL03981  |r 2019-10-28  |w 2019-10-28  |y BK